00471nam a2200145Ia 4500008004100000245009400041260001700135260000900152300000800161650002300169650001200192856002900204999001900233952007300252170516s9999 xx 000 0 und d aNovel Bioluminescent Activatable Reporter for Src Tyrosine Kinase Activity in Living Mice bTheranostics c2016 a6:4 xMedical Technology xMedtech uhttp://www.thno.org/v6i4 c330574d330574 001040aCLbCLd2017-05-16l0r2017-05-16 00:00:00w2017-05-16yFOJ